| 000 | 00530nam a22001571 4500 | ||
|---|---|---|---|
| 082 |
_a512 _bBOC _cL-1;P-10 |
||
| 100 | 1 |
_aBôcher, Maxime, _939097 |
|
| 245 | 1 | 0 |
_aIntroduction to higher algebra, _cby Maxime Bôcher ... prepared for publication with the coöperation of E.P.R. Duval ... |
| 260 |
_aNew York, _bThe Macmillan company, _c1907. |
||
| 300 |
_axi, 321 p. _c22 cm. |
||
| 526 |
_a0 _b0 _c0 _d512_000000000000000_BOC |
||
| 650 | 0 |
_aAlgebra. _98509 |
|
| 650 | 0 |
_aMCE _9379 |
|
| 700 | 1 |
_aDuval, E. P. R. _939098 |
|
| 942 |
_2ddc _cBK |
||
| 999 |
_c543651 _d543651 |
||